000 00710nam a22002297a 4500
999 _c14821
_d14821
003 AR-CdUCM
008 190424b ||||| |||| 00| 0 spa d
020 _a978-612-4026-85-0
040 _aMUNICIPALIDAD PROVINCIAL DEL CUSCO
_cBIBLIOTECA MUNICIPAL DEL CUSCO
082 _aPI / 808.06 /
_bV23
100 _aValle Tejada, Maritza
_933736
245 _aYulaq la vicuñita imperial /
260 _aLima :
_bDidáctica,
_c2012.
300 _c17 cm.
_bIlustración,
440 _aColección Perú patas
_933737
500 _aIncluye un personaje para armar en kirigami
650 _aHistoria
_9136
650 _aNiños
_99390
650 _aInfancia
_95236
942 _2ddc
_cLIBROS
945 _arah
_d24/04/2019